Assassin's Creed IV: Black Flag - Statistics

General Stats
  • This quiz has been taken 80 times
  • The average score is 11 of 25
Answer Stats
Hint Answer % Correct
Modern day company you work at Abstergo Entertainment
88%
Name of Kenway's ship Jackdaw
81%
Machine you use to control Kenway Animus
75%
First city you visit Havana
75%
Name of your quartermaster Adéwalé
72%
Assassin you kill at the start of the game Duncan Walpole
70%
Kenway's Wife Caroline
65%
Name of the merchant that takes you to there Stede Bonnet
56%
Kenway's best friend Blackbeard
51%
Templar Grandmaster Laureano de Torres
51%
City where the company is Montreal
40%
Kenway's friend who joins the Templars Benjamin Hornigold
37%
Templar who gives you the hidden blades Julien du Casse
35%
Pirate you get marooned with Charles Vane
33%
Pirate/Assassin who reveals herself to be a woman Mary Read
33%
Templar who offers the pirates a pardon Woodes Rogers
33%
Kenway's Hideout Great Inagua
30%
Sage's real name Bartholomew Roberts
28%
Mentor of the Assassins Ah Tabai
21%
Your quartermaster after the above resigns Anne Bonny
21%
Assassin's hideout Tulum
21%
Piece of Eden The Observatory
19%
The island you kill him on Cape Bonavista
18%
Special gun set Golden Flintlock Pistols
7%
Special sword set Pistol Swords
7%
No matching quizzes found
Score Distribution
Percent of People with Each Score
Percentile by Number Answered
Your Score History
You have not taken this quiz